000 00314nam a2200133Ia 4500
005 20260328104345.0
008 260328s9999||||xx |||||||||||||| ||und||
100 _aKorn, Irene
245 0 _aGreat Masterpiedes of the worls /
_cIrene Korn
260 _bTodtri
300 _a128 p.
650 _aARTE
942 _cBK
999 _c12277
_d12277